000 00485nam a22001577a 4500
003 macl
005 20200215154814.0
008 200215b xxu||||| |||| 00| 0 eng d
040 _cmacl
100 _aसिंह अनूप
_961073
245 _aसमीक्षा और संवाद
260 _aदिल्ली
_bयश पाब्लिशर्स
_c2018
600 _aअनूप सिंह
_978251
650 _aसाहित्य
_978252
942 _2ddc
_cHIN
999 _c62102
_d62102